Manuel complet du baccalauréat ès sciences, contenant la physique, la chimie, l'histoire naturelle, la botanique et la géologie, rédigé d'après le programme de l'Université du 7 septembre 1852 / par G. Aimé, Docteur ès sciences, ancien élève de l'École normale de Paris, membre de la Commission scientifique de l'Algérie; A. Bouchardat, pharmacien en chef de l'Hôtel-Dieu de París, etc. et Ch. Fermond, pharmacien en chef de la Salpêtrière

Detalles Bibliográficos
Autor principal: Aimé, G.
Otros Autores: Bouchardat, Apollinaire, 1806-1886, coaut, Fermond, Ch., coaut
Formato: Libro
Lenguaje:French
Publicado: Paris : Gemer Baillière, libraire-éditeur, rue de l'École-de-Médecine, 17, 1854.
Edición:Quatrième édition, arrangée par M. Ch. Fermond, avec 381 figures
Materias:
Colección:Banco de datos
Acervo:Universidad Autónoma Benito Juárez de Oaxaca. Biblioteca Francisco de Burgoa. Colección histórica
Descripción Física:LXXVIII, 864 p. : il. ; 17 cm.
Tema general:Ciencias
Notas:Portada tipográfica con pleca. Texto a renglón seguido con paginación en números arábigos y romanos, notas a pie de página, cornisas y signaturas. Incluye ilustraciones. Propiedad intelectual: Paris.- Imprimerie de L. Martinet, rue Mignon, 2. Encuadernación en piel sobre cartón. Daños en la encuadernación, tapas desprendidas
LEADER 01746nam a22002290004500
035 |a 5267 
041 0 |a fre 
100 1 |a Aimé, G. 
245 1 0 |a Manuel complet du baccalauréat ès sciences, contenant la physique, la chimie, l'histoire naturelle, la botanique et la géologie, rédigé d'après le programme de l'Université du 7 septembre 1852 / par G. Aimé, Docteur ès sciences, ancien élève de l'École normale de Paris, membre de la Commission scientifique de l'Algérie; A. Bouchardat, pharmacien en chef de l'Hôtel-Dieu de París, etc. et Ch. Fermond, pharmacien en chef de la Salpêtrière 
250 |a Quatrième édition, arrangée par M. Ch. Fermond, avec 381 figures  
260 |a Paris : Gemer Baillière, libraire-éditeur, rue de l'École-de-Médecine, 17, 1854. 
300 |a LXXVIII, 864 p. : il. ; 17 cm.  
500 |a Portada tipográfica con pleca. Texto a renglón seguido con paginación en números arábigos y romanos, notas a pie de página, cornisas y signaturas. Incluye ilustraciones. Propiedad intelectual: Paris.- Imprimerie de L. Martinet, rue Mignon, 2. Encuadernación en piel sobre cartón. Daños en la encuadernación, tapas desprendidas 
504 |a Al principio de la obra está el catálogo de publicaciones en venta de la casa impresora 
504 |a Al final de la obra está el índice de materias 
650 1 0 |a Ciencias 
700 1 |a Bouchardat, Apollinaire, 1806-1886, coaut. 
700 1 |a Fermond, Ch., coaut. 
852 |a Universidad Autónoma "Benito Juárez" de Oaxaca, Biblioteca Francisco de Burgoa, Colección histórica 24375 
942 |c BURHIS 
943 |g Universidad Autónoma Benito Juárez de Oaxaca. Biblioteca Francisco de Burgoa. Colección histórica 
999 |c 1124110  |d 1124110